000 00643nam a2200169 4500
008 040120s1989 miu b 001 0 eng
020 _a0801009812 :USD7.99
090 _aBX8526.5
_bB68w
100 1 _aBowman, Robert M.
245 1 0 _aWhy you should believe in the Trinity :
_ban answer to Jehovah's Witnesses /
_cRobert M. Bowman, Jr.
260 _aGrand Rapids, Mich. :
_bBaker Book House,
_cc1989.
300 _a157 p. ;
_c22 cm.
504 _aIncludes bibliographical references.
650 4 _aJehovah's Witnesses
_xControversial literature.
650 4 _aTrinity.
951 _p14509
_x00005612
_oBX8526.5/B68w
_j070613111333250
_d2000-12-21
_cGC
999 _c18708
_d18708